000
00329 a2200157 4500
001
162698
020
_a
040
_c
Magnum
100
_a
Bernardino, Bertrando
240
1
0
_a
Viagem aos corais
_l
por
245
1
0
_a
Viagem aos corais
362
0
_a
1899
440
1
_a
Bagaço
697
_a
I/AVENTURA, CRIANCAS
942
_c
BK
999
_c
162698
_d
162698